<?xml version="1.0" encoding="UTF-8"?>
<marc:record xmlns:marc="http://www.loc.gov/MARC21/slim">
   <marc:leader>00000nam a2200000 a 4500</marc:leader>
   <marc:datafield ind1="1" ind2=" " tag="100">
      <marc:subfield code="a">Boeck, Jutta</marc:subfield>
      <marc:subfield code="4">aut</marc:subfield>
      <marc:subfield code="e">Verfasser/-in</marc:subfield>
   </marc:datafield>
   <marc:datafield ind1="1" ind2=" " tag="100">
      <marc:subfield code="a">Felsmann, Ilka</marc:subfield>
      <marc:subfield code="4">aut</marc:subfield>
      <marc:subfield code="e">Verfasser/-in</marc:subfield>
   </marc:datafield>
   <marc:datafield ind1=" " ind2=" " tag="653">
      <marc:subfield code="a">Bilderbuch</marc:subfield>
   </marc:datafield>
   <marc:datafield ind1=" " ind2=" " tag="653">
      <marc:subfield code="a">Scheidung</marc:subfield>
   </marc:datafield>
   <marc:datafield ind1=" " ind2=" " tag="653">
      <marc:subfield code="a">Trennung</marc:subfield>
   </marc:datafield>
   <marc:datafield ind1=" " ind2=" " tag="653">
      <marc:subfield code="a">Stieffamilie</marc:subfield>
   </marc:datafield>
   <marc:datafield ind1=" " ind2=" " tag="653">
      <marc:subfield code="a">Kinderbuch</marc:subfield>
   </marc:datafield>
   <marc:datafield ind1="0" ind2="0" tag="245">
      <marc:subfield code="a">Und jetzt auch noch Max!</marc:subfield>
   </marc:datafield>
   <marc:datafield ind1="0" ind2="0" tag="245">
      <marc:subfield code="c">Jutta Boeck ; Ilka Felsmann</marc:subfield>
   </marc:datafield>
   <marc:datafield ind1=" " ind2="1" tag="264">
      <marc:subfield code="a">Freiburg</marc:subfield>
      <marc:subfield code="b">Herder</marc:subfield>
      <marc:subfield code="c">1996</marc:subfield>
   </marc:datafield>
   <marc:datafield ind1=" " ind2=" " tag="250">
      <marc:subfield code="a">M.Ill.</marc:subfield>
   </marc:datafield>
   <marc:datafield ind1="1" ind2=" " tag="520">
      <marc:subfield code="a">Die Fortsetzung von "Mama hat sich verliebt" beschreibt Ninas Situation nach der Geburt ihres Halbbruders Max. Der Erzählstil in Du-Form wird beibehalten. Nina hat es nicht leicht: Eigentlich hätte sie lieber eine Schwester, außerdem ist Max ganz schrumpelig, rot im Gesicht und brüllt fürchterlich. Trotzdem kümmern sich alle um ihn und bringen ihm Geschenke. Nina fühlt sich ausgeschlossen und vermutet, dass auch Joachim, Mamas neuer Mann und Vater von Max, Max viel lieber hat. Daraufhin beschließt sie, zu Oma zu ziehen, was sie dann doch nicht macht. Nur langsam kann Nina Mäxchen als neues Familienmitglied akzeptieren, sie erkennt, dass sie durch ihn auch Schönes gewinnt und dass sie nun eine richtige Familie sind. In diesem zweiten Band werden positive und negative Gefühle von Kindern in Fortsetzungsfamilien mit Nachwuchs aufgegriffen und ernst genommen. Nina sagt zumindest dem Zuhörer sehr klar, was sie empfindet. Dies kann eine wichtige Orientierungshilfe für Kinder in ähnlichen Situationen sein. Vor allem, wenn es betroffenen Kindern nicht zugestanden wird, wütend, zornig und traurig über diese Veränderungen zu sein. *UK* Lisa Kneidinger</marc:subfield>
   </marc:datafield>
   <marc:datafield ind1="0" ind2=" " tag="490">
      <marc:subfield code="v">0</marc:subfield>
   </marc:datafield>
   <marc:datafield ind1=" " ind2=" " tag="300">
      <marc:subfield code="a">24 gez. S.</marc:subfield>
   </marc:datafield>
</marc:record>
